[Event "Genova Province-ch"]
[Site "Genova"]
[Date "2015.01.22"]
[Round "2"]
[White "Virgilio, Gianluca"]
[Black "Cirabisi, Federico"]
[Result "0-1"]
[WhiteElo "1823"]
[BlackElo "2035"]
[PlyCount "52"]
[EventDate "2015.01.15"]
[EventType "swiss"]
[EventRounds "6"]
[EventCountry "ITA"]
[SourceTitle "EXT 2017"]
[Source "ChessBase"]
[SourceDate "2016.10.25"]
[SourceVersion "1"]
[SourceVersionDate "2016.10.25"]
[SourceQuality "1"]

1. d4 d5 2. Nf3 e6 3. c4 c6 4. g3 Bd6 5. Bg2 Nd7 6. Qc2 f5 7. 0-0 Ngf6 8. b3 Ne4 9. Nbd2 0-0 10. Nxe4 fxe4 11. Ng5 Nf6 12. f3 h6 13. Nh3 e5 14. Be3 exf3 15. exf3 Qe8 16. Nf2 Qh5 17. Rad1 Bf5 18. Qd2 Rae8 19. g4 Qh4 20. Qe1 exd4 21. Nh3 Qxe1 22. Rfxe1 dxe3 23. gxf5 e2 24. Rc1 Bb4 25. Nf4 Bd2 26. Nxe2 Bxc1 0-1

[Event "Ceriano Laghetto op 21st"]
[Site "Ceriano Laghetto"]
[Date "2012.03.??"]
[Round "1"]
[White "Mrdja, Milan"]
[Black "Cirabisi, Federico"]
[Result "1-0"]
[WhiteElo "2369"]
[BlackElo "2102"]
[PlyCount "98"]
[EventDate "2012.03.24"]
[EventType "swiss"]
[EventRounds "5"]
[EventCountry "ITA"]
[SourceTitle "EXT 2014"]
[Source "ChessBase"]
[SourceDate "2013.11.20"]
[SourceVersion "1"]
[SourceVersionDate "2013.11.20"]
[SourceQuality "1"]

1. e4 Nf6 2. e5 Nd5 3. d4 d6 4. Nf3 Bg4 5. Be2 c6 6. Ng5 Bxe2 7. Qxe2 dxe5 8. dxe5 e6 9. 0-0 Nd7 10. c4 Ne7 11. Nc3 Qc7 12. f4 Nf5 13. g4 Nd4 14. Qf2 h5 15. Be3 c5 16. gxh5 Nf5 17. Qe2 Be7 18. Nge4 a6 19. Bf2 0-0-0 20. Rad1 g6 21. Ng3 Rdg8 22. Rfe1 gxh5 23. Kf1 Nh6 24. Nce4 h4 25. Nh1 Ng4 26. Bg1 Nh6 27. Nhf2 Rg6 28. Nh3 Rhg8 29. Rd3 Nf5 30. Red1 Nb8 31. Qf3 Nc6 32. Nd6+ Bxd6 33. exd6 Qa5 34. d7+ Kd8 35. Ng5 R6g7 36. Qh5 Qc7 37. Qf3 Ncd4 38. Bxd4 Nxd4 39. Rxd4 cxd4 40. Rxd4 e5 41. fxe5 Qb6 42. Nxf7+ Ke7 43. Qf6+ Qxf6+ 44. exf6+ Kxf7 45. fxg7 Rd8 46. Rxh4 Rxd7 47. Rg4 Kg8 48. Ke2 Rd6 49. h4 Rg6 1-0

[Event "Imperia op-A 48th"]
[Site "Imperia"]
[Date "2006.09.09"]
[Round "8.9"]
[White "Cirabisi, Federico"]
[Black "Stoppa, Omar"]
[Result "0-1"]
[WhiteElo "2116"]
[BlackElo "2209"]
[PlyCount "56"]
[EventDate "2006.09.03"]
[EventType "swiss"]
[EventRounds "9"]
[EventCountry "ITA"]
[SourceTitle "EXT 2024"]
[Source "ChessBase"]
[SourceDate "2023.10.10"]
[SourceVersion "1"]
[SourceVersionDate "2023.10.10"]
[SourceQuality "1"]

1. d4 e6 2. Nf3 c5 3. e3 Nf6 4. Bd3 b6 5. 0-0 Nc6 6. c3 Be7 7. e4 cxd4 8. Nxd4 Nxd4 9. cxd4 Bb7 10. Nc3 0-0 11. f4 d5 12. e5 Ne4 13. f5 f6 14. Qg4 exf5 15. Rxf5 Bc8 16. Bh6 Rf7 17. Raf1 Kh8 18. exf6 Nxf6 19. Nxd5 Qxd5 20. Qh4 Bxf5 21. Rxf5 Qxf5 22. Bxf5 gxh6 23. Be6 Rg7 24. d5 Nxd5 25. Qe4 Bc5+ 26. Kf1 Rf8+ 27. Ke2 Nf4+ 28. Kd2 Rd8+ 0-1

[Event "Imperia op-A 48th"]
[Site "Imperia"]
[Date "2006.09.03"]
[Round "1.5"]
[White "Di Paolo, Raffaele"]
[Black "Cirabisi, Federico"]
[Result "1/2-1/2"]
[WhiteElo "2334"]
[BlackElo "2116"]
[PlyCount "75"]
[EventDate "2006.09.03"]
[EventType "swiss"]
[EventRounds "9"]
[EventCountry "ITA"]
[SourceTitle "EXT 2024"]
[Source "ChessBase"]
[SourceDate "2023.10.10"]
[SourceVersion "1"]
[SourceVersionDate "2023.10.10"]
[SourceQuality "1"]

1. e4 e5 2. Bc4 c6 3. Nc3 d5 4. exd5 Nf6 5. d4 Bd6 6. dxe5 Bxe5 7. Nf3 Bxc3+ 8. bxc3 0-0 9. 0-0 cxd5 10. Bb3 Be6 11. Bg5 Nbd7 12. Nd4 Qc7 13. Re1 Rfe8 14. Qf3 a6 15. Nxe6 fxe6 16. Bf4 Qc5 17. Rad1 b5 18. g4 Rad8 19. Qg3 Nf8 20. Be5 Ng6 21. Bd4 Qf8 22. f4 Kh8 23. f5 exf5 24. gxf5 Nh5 25. Qg4 Ngf4 26. Be5 Rxe5 27. Rxe5 Qc5+ 28. Kh1 Qf2 29. Rde1 h6 30. f6 Nxf6 31. Qg3 Qd2 32. Rf1 g5 33. Qf3 Ne4 34. Bxd5 Rxd5 35. Re8+ Kg7 36. Qxe4 Rf5 37. Re7+ Kf6 38. Rf7+ 1/2-1/2

[Event "Genova op 10th"]
[Site "Genova"]
[Date "2006.08.07"]
[Round "1"]
[White "Cirabisi, Federico"]
[Black "Dzhumaev, Marat"]
[Result "0-1"]
[WhiteElo "2116"]
[BlackElo "2509"]
[PlyCount "66"]
[EventDate "2006.08.07"]
[EventType "swiss"]
[EventRounds "9"]
[EventCountry "ITA"]
[SourceTitle "CBM 113 Extra"]
[Source "ChessBase"]
[SourceDate "2006.09.14"]
[SourceVersion "1"]
[SourceVersionDate "2006.09.14"]
[SourceQuality "1"]

1. d4 f5 2. e4 fxe4 3. Nc3 Nf6 4. Bg5 Nc6 5. d5 Ne5 6. Qd4 Nf7 7. h4 c6 8. 0-0-0 Qb6 9. Bxf6 gxf6 10. Qxe4 Qxf2 11. Nf3 Bh6+ 12. Kb1 Qe3 13. Qa4 Qf4 14. Qb3 0-0 15. Be2 c5 16. d6 e6 17. Nb5 b6 18. Bc4 Bb7 19. Rhf1 Qg3 20. Nc3 Kh8 21. Ne1 Ne5 22. Bb5 a6 23. Be2 b5 24. Bf3 Nxf3 25. gxf3 Qh3 26. Rf2 Rg8 27. Ne2 Qxh4 28. Rf1 Bd5 29. Rxd5 exd5 30. Qxd5 Rae8 31. Qd1 c4 32. f4 Qh2 33. Nd4 Rg1 0-1

[Event "Imperia op-A 47th"]
[Site "Imperia"]
[Date "2005.08.31"]
[Round "5"]
[White "Haba, Zdenek"]
[Black "Cirabisi, Federico"]
[Result "1-0"]
[WhiteElo "2277"]
[BlackElo "2109"]
[PlyCount "45"]
[EventDate "2005.08.28"]
[EventType "swiss"]
[EventRounds "9"]
[EventCountry "ITA"]
[SourceTitle "EXT 2007"]
[Source "ChessBase"]
[SourceDate "2006.11.23"]
[SourceVersion "1"]
[SourceVersionDate "2006.11.23"]
[SourceQuality "1"]

1. d4 d5 2. c4 e5 3. dxe5 d4 4. Nf3 Nc6 5. g3 Be6 6. Nbd2 Qd7 7. Bg2 Be7 8. 0-0 h5 9. b4 Bxb4 10. Qb3 Be7 11. Qxb7 Rb8 12. Nxd4 Nxd4 13. Qxb8+ Bd8 14. Nf3 Nxe2+ 15. Kh1 Ne7 16. Bg5 Nc6 17. Qb2 Ncd4 18. Nxd4 Nxd4 19. Bxd8 Qxd8 20. c5 Bd5 21. Rad1 Qa8 22. Bxd5 Qxd5+ 23. f3 1-0

[Event "Imperia op-A 47th"]
[Site "Imperia"]
[Date "2005.08.30"]
[Round "3"]
[White "Malano, Francesco"]
[Black "Cirabisi, Federico"]
[Result "0-1"]
[WhiteElo "2034"]
[BlackElo "2109"]
[PlyCount "122"]
[EventDate "2005.08.28"]
[EventType "swiss"]
[EventRounds "9"]
[EventCountry "ITA"]
[SourceTitle "EXT 2022"]
[Source "ChessBase"]
[SourceDate "2021.10.06"]
[SourceVersion "1"]
[SourceVersionDate "2021.10.06"]
[SourceQuality "1"]

1. Nf3 d5 2. g3 Nc6 3. Bg2 e5 4. d3 Bg4 5. Nbd2 Nf6 6. e4 dxe4 7. dxe4 Qd7 8. h3 Be6 9. Ng5 0-0-0 10. Nxe6 Qxe6 11. c3 h5 12. Qe2 h4 13. g4 Nd7 14. 0-0 Nc5 15. Nf3 Be7 16. b3 Qg6 17. Ne1 Rd7 18. Qf3 Rhd8 19. Qf5 Qe6 20. Be3 g6 21. Qxe6 Nxe6 22. Bf3 Nf4 23. Kh2 Ne6 24. Ng2 Rd3 25. Rac1 Ba3 26. Rc2 a5 27. Be2 R3d6 28. Kg1 Bc5 29. Bc1 Ne7 30. Kh2 c6 31. Nxh4 b5 32. Kg3 b4 33. Nf3 f6 34. g5 fxg5 35. Nxe5 Rf8 36. Bg4 Kc7 37. Nc4 Rd3+ 38. Kh2 Nf4 39. cxb4 Bxb4 40. Ne5 Rd4 41. Rc4 Rfd8 42. Bb2 Rd2 43. Rd4 Rxb2 44. Rd7+ Kb8 45. Rxe7 Bxe7 46. Nxc6+ Kb7 47. Nxe7 Rf8 48. Nd5 Nxd5 49. exd5 Rfxf2+ 50. Rxf2 Rxf2+ 51. Kg3 Rxa2 52. Bd7 Kc7 53. Ba4 Rd2 54. Be8 Rxd5 55. Bxg6 Rd4 56. Kf3 Kd6 57. Ke3 Kc5 58. Bf7 Rh4 59. Be6 Kb4 60. Kd3 Rf4 61. Ke3 Kc3 0-1

[Event "Imperia op-A 46th"]
[Site "Imperia"]
[Date "2004.09.07"]
[Round "3"]
[White "Unterfraumer, Albert"]
[Black "Cirabisi, Federico"]
[Result "0-1"]
[WhiteElo "2167"]
[BlackElo "2106"]
[PlyCount "58"]
[EventDate "2004.09.05"]
[EventType "swiss"]
[EventRounds "9"]
[EventCountry "ITA"]
[SourceTitle "EXT 2005"]
[Source "ChessBase"]
[SourceDate "2004.11.15"]
[SourceVersion "1"]
[SourceVersionDate "2004.11.15"]
[SourceQuality "1"]

1. Nf3 d5 2. d4 e6 3. g3 Bd6 4. Bg2 Nd7 5. 0-0 f5 6. c4 c6 7. Qd3 Ngf6 8. Ng5 Nf8 9. f3 Ng6 10. e4 h6 11. Nxe6 Bxe6 12. exf5 dxc4 13. Qe2 Nf8 14. fxe6 Qb6 15. Qxc4 0-0-0 16. Kh1 Be7 17. Rd1 h5 18. h4 g5 19. Bxg5 N8h7 20. Nc3 Nxg5 21. hxg5 h4 22. Na4 Qc7 23. g4 h3 24. Bf1 Nd5 25. Qe2 Qg3 26. Rd2 Rdf8 27. g6 Rxf3 28. Rd3 Ne3 29. Qh2 Nxf1 0-1

[Event "Genova op 8th"]
[Site "Genova"]
[Date "2004.08.09"]
[Round "1"]
[White "Cirabisi, Federico"]
[Black "Caprioglio, Tiziano"]
[Result "1-0"]
[WhiteElo "2106"]
[BlackElo "1810"]
[PlyCount "45"]
[EventDate "2004.08.09"]
[EventType "swiss"]
[EventRounds "9"]
[EventCountry "ITA"]
[SourceTitle "CBM 101 Extra"]
[Source "ChessBase"]
[SourceDate "2004.09.01"]
[SourceVersion "2"]
[SourceVersionDate "2004.09.01"]
[SourceQuality "1"]

1. e4 c5 2. Nc3 Nc6 3. f4 e6 4. Nf3 g6 5. Bb5 Nge7 6. 0-0 Bg7 7. Bxc6 Nxc6 8. d3 0-0 9. Qe1 b6 10. Nb5 d6 11. e5 dxe5 12. fxe5 Ba6 13. Bg5 Qd7 14. Nc3 Nd4 15. Ne4 Nxf3+ 16. Rxf3 Qd4+ 17. Kh1 Qxe5 18. Bf6 Qc7 19. Qh4 Bb7 20. Rh3 h5 21. Bxg7 Kxg7 22. Qf6+ Kg8 23. Rxh5 1-0

[Event "Genova Ducale op"]
[Site "Genova"]
[Date "2003.09.25"]
[Round "6"]
[White "Cirabisi, Federico"]
[Black "Fossati, Remigio"]
[Result "1-0"]
[WhiteElo "2109"]
[BlackElo "2201"]
[PlyCount "77"]
[EventDate "2003.09.??"]
[EventType "swiss"]
[EventRounds "9"]
[EventCountry "ITA"]
[SourceTitle "EXT 2005"]
[Source "ChessBase"]
[SourceDate "2004.11.15"]
[SourceVersion "1"]
[SourceVersionDate "2004.11.15"]
[SourceQuality "1"]

1. Nc3 c5 2. e4 e6 3. g3 Nc6 4. Bg2 g6 5. d3 Bg7 6. Nge2 Nge7 7. 0-0 0-0 8. Bg5 h6 9. Be3 d6 10. Qd2 Kh7 11. Nd1 Rb8 12. f4 f5 13. c3 b6 14. exf5 exf5 15. d4 Ba6 16. d5 Na5 17. b3 b5 18. Rc1 Ng8 19. g4 fxg4 20. Ng3 Nf6 21. Nf2 Bc8 22. Nfe4 Nxe4 23. Bxe4 Bf5 24. Bxf5 gxf5 25. Rce1 Qd7 26. Qc2 Rbe8 27. Bd2 Kg6 28. c4 b4 29. a3 Nb7 30. axb4 cxb4 31. Bxb4 Bd4+ 32. Kh1 h5 33. Qd3 Bb6 34. Re6+ Rxe6 35. dxe6 Qxe6 36. Re1 Qf7 37. Bxd6 Qd7 38. Qd5 Rf6 39. Qg8+ 1-0

[Event "Imperia op-A 44th"]
[Site "Imperia"]
[Date "2002.09.06"]
[Round "7"]
[White "Pienabarca, Nicola"]
[Black "Cirabisi, Federico"]
[Result "1-0"]
[WhiteElo "2060"]
[BlackElo "2132"]
[PlyCount "86"]
[EventDate "2002.09.01"]
[EventType "swiss"]
[EventRounds "9"]
[EventCountry "ITA"]
[SourceTitle "EXT 2007"]
[Source "ChessBase"]
[SourceDate "2006.11.23"]
[SourceVersion "1"]
[SourceVersionDate "2006.11.23"]
[SourceQuality "1"]

1. d4 d5 2. Nf3 e6 3. c4 c6 4. Nbd2 f5 5. g3 Bd6 6. Bg2 Nd7 7. Qc2 Ngf6 8. 0-0 0-0 9. c5 Bc7 10. b4 Qe8 11. b5 Nb8 12. a4 cxb5 13. axb5 Qxb5 14. Ba3 Qe8 15. c6 Nxc6 16. Bxf8 Qxf8 17. Rfb1 Rb8 18. e3 Bd7 19. Bf1 a6 20. Nb3 Ne4 21. Ne1 Bd6 22. Nd3 g5 23. f3 Nf6 24. Nbc5 f4 25. gxf4 gxf4 26. Qg2+ Kh8 27. Rxb7 Qh6 28. Rxb8+ Nxb8 29. Ne5 Be8 30. Nxa6 fxe3 31. Nxb8 Qf4 32. Nbc6 Bxe5 33. dxe5 e2 34. Bxe2 Bxc6 35. Ra6 Qc1+ 36. Qf1 Qc5+ 37. Qf2 Qc1+ 38. Bf1 Nh5 39. Qb6 Qg5+ 40. Kh1 Be8 41. Qxe6 Ng7 42. Qxd5 Qc1 43. Qd3 Ne6 1-0

[Event "Genova op1"]
[Site "Genova"]
[Date "2001.??.??"]
[Round "9"]
[White "Cirabisi, Federico"]
[Black "Di Paolo, Raffaele"]
[Result "0-1"]
[WhiteElo "2121"]
[BlackElo "2276"]
[PlyCount "87"]
[EventDate "2001.??.19"]
[EventType "swiss"]
[EventRounds "9"]
[EventCountry "ITA"]
[SourceTitle "EXT 2002"]
[Source "ChessBase"]
[SourceDate "2001.11.25"]
[SourceVersion "1"]
[SourceVersionDate "2001.11.25"]
[SourceQuality "1"]

1. e4 e6 2. Nf3 c5 3. b4 b6 4. b5 Bb7 5. d3 d6 6. Bb2 Nf6 7. Be2 Nbd7 8. 0-0 Be7 9. Nbd2 0-0 10. Ne1 Ne8 11. f4 Bf6 12. Bxf6 Qxf6 13. Nb3 Qh6 14. g4 f6 15. Ng2 Nc7 16. a4 e5 17. f5 d5 18. Bf3 Rfd8 19. Qe2 d4 20. h4 a6 21. bxa6 Bxa6 22. Qf2 c4 23. Nc1 b5 24. Qg3 Qd2 25. g5 Rf8 26. axb5 Bxb5 27. Rxa8 Nxa8 28. Qf2 Qxf2+ 29. Rxf2 c3 30. Nb3 Ba4 31. Bd1 Rb8 32. Ne1 Nc7 33. Kf1 Na6 34. Ke2 Bxb3 35. cxb3 Ndc5 36. Kf3 Nb4 37. Bc2 Ra8 38. Ke2 Ra2 39. Kd1 Ra1+ 40. Ke2 Rxe1+ 41. Kxe1 Ncxd3+ 42. Bxd3 Nxd3+ 43. Ke2 Nxf2 44. Kxf2 0-1

[Event "Genova op 4th"]
[Site "Genova"]
[Date "2000.08.10"]
[Round "5"]
[White "Cirabisi, Federico"]
[Black "Castelfranchi, Carlo"]
[Result "1-0"]
[WhiteElo "2119"]
[BlackElo "2212"]
[PlyCount "65"]
[EventDate "2000.08.07"]
[EventType "swiss"]
[EventRounds "11"]
[EventCountry "ITA"]
[SourceTitle "EXT 2001"]
[Source "ChessBase"]
[SourceDate "2000.11.22"]
[SourceVersion "1"]
[SourceVersionDate "2000.11.22"]
[SourceQuality "1"]

1. f4 d5 2. Nf3 Nf6 3. e3 c6 4. d4 Nbd7 5. Bd3 Ne4 6. 0-0 Ndf6 7. Qe1 g6 8. Nbd2 Bg7 9. Ne5 Nxd2 10. Bxd2 Ne4 11. Ba5 b6 12. Bb4 Qc7 13. c4 Be6 14. Rc1 Qb7 15. f5 gxf5 16. cxd5 Bxd5 17. Rxf5 f6 18. Qh4 fxe5 19. Bxe4 0-0-0 20. Bxd5 Rxd5 21. Qg4 e6 22. Rg5 h5 23. Qxe6+ Kb8 24. Rxc6 Rd7 25. Bd6+ Ka8 26. Bxe5 Re7 27. Qc4 Bxe5 28. dxe5 a5 29. Rgg6 Rd8 30. Rgd6 Red7 31. Qb5 Rxd6 32. exd6 Rc8 33. d7 1-0

[Event "Imperia op-A 41st"]
[Site "Imperia"]
[Date "1999.09.05"]
[Round "9.21"]
[White "Cavatorta, Fosco"]
[Black "Cirabisi, Federico"]
[Result "0-1"]
[WhiteElo "2066"]
[BlackElo "2127"]
[PlyCount "74"]
[EventDate "1999.08.29"]
[EventType "swiss"]
[EventRounds "9"]
[EventCountry "ITA"]
[SourceTitle "EXT 2024"]
[Source "ChessBase"]
[SourceDate "2023.10.10"]
[SourceVersion "1"]
[SourceVersionDate "2023.10.10"]
[SourceQuality "1"]

1. d4 d5 2. Bf4 e6 3. Nf3 Ne7 4. e3 Ng6 5. Bg3 Bd6 6. Bd3 f5 7. Nbd2 Nd7 8. h4 Bxg3 9. fxg3 c5 10. c3 Qc7 11. Nf1 c4 12. Bc2 b5 13. a3 Ne7 14. Qd2 a5 15. Qf2 Nc6 16. Ng5 Nf6 17. Nh3 Qe7 18. Nh2 Bd7 19. Ng5 0-0-0 20. b3 h6 21. Nh3 cxb3 22. Bxb3 e5 23. 0-0 Ne4 24. Qe1 g5 25. Bxd5 gxh4 26. Nf3 Nxg3 27. Bxc6 Bxc6 28. Nxe5 Be4 29. Ng6 Qb7 30. Rf2 Rhg8 31. Nhf4 h3 32. Kh2 hxg2 33. Nh4 Rg4 34. Nfxg2 Rdg8 35. Rf4 Qe7 36. Qf2 R8g5 37. Rxg4 Rxg4 0-1

[Event "Imperia op-A 41st"]
[Site "Imperia"]
[Date "1999.09.03"]
[Round "7.12"]
[White "Stodola, Jaroslav"]
[Black "Cirabisi, Federico"]
[Result "1-0"]
[WhiteElo "2146"]
[BlackElo "2127"]
[PlyCount "115"]
[EventDate "1999.08.29"]
[EventType "swiss"]
[EventRounds "9"]
[EventCountry "ITA"]
[SourceTitle "EXT 2024"]
[Source "ChessBase"]
[SourceDate "2023.10.10"]
[SourceVersion "1"]
[SourceVersionDate "2023.10.10"]
[SourceQuality "1"]

1. e4 Nf6 2. e5 Nd5 3. d4 d6 4. Nf3 Bg4 5. Be2 c6 6. 0-0 e6 7. Nbd2 Nf4 8. exd6 Bxd6 9. Nc4 Nxe2+ 10. Qxe2 0-0 11. Nxd6 Qxd6 12. c3 Nd7 13. Qe4 f5 14. Qf4 Qxf4 15. Bxf4 Bxf3 16. gxf3 Kf7 17. Rfe1 g5 18. Bd6 Rg8 19. h3 Rg6 20. c4 Nb6 21. b3 Rd8 22. Be5 Nc8 23. a4 Ne7 24. Kg2 f4 25. Rad1 Nf5 26. Rd3 h5 27. Kf1 Rd7 28. Ke2 Rg8 29. Rg1 a5 30. Kd2 Nh4 31. Kc3 c5 32. d5 exd5 33. cxd5 Re7 34. Bd6 Re2 35. Bc7 Nf5 36. Kc4 Rc2+ 37. Kb5 Nd4+ 38. Kb6 Rb2 39. Kxc5 Nxb3+ 40. Kc4 Rc2+ 41. Rc3 Rxc3+ 42. Kxc3 Nc5 43. Kd4 Nd7 44. Rb1 b6 45. d6 Re8 46. Rb5 Re2 47. Rxg5 Rd2+ 48. Kc4 Rb2 49. Rxh5 Rb4+ 50. Kc3 Rxa4 51. Rh7+ Ke6 52. Re7+ Kd5 53. Rxd7 Kc6 54. Rf7 Ra3+ 55. Kd2 Rxf3 56. Ke2 Rxh3 57. Rxf4 b5 58. Rd4 1-0

[Event "Imperia op-A 41st"]
[Site "Imperia"]
[Date "1999.09.01"]
[Round "5.26"]
[White "Cirabisi, Federico"]
[Black "Scarenzio, Renato"]
[Result "1-0"]
[WhiteElo "2127"]
[BlackElo "1908"]
[PlyCount "51"]
[EventDate "1999.08.29"]
[EventType "swiss"]
[EventRounds "9"]
[EventCountry "ITA"]
[SourceTitle "EXT 2024"]
[Source "ChessBase"]
[SourceDate "2023.10.10"]
[SourceVersion "1"]
[SourceVersionDate "2023.10.10"]
[SourceQuality "1"]

1. e4 c6 2. Nc3 d5 3. Nf3 dxe4 4. Nxe4 Nf6 5. Ng3 Bg4 6. Bc4 e6 7. d3 b5 8. Bb3 Qa5+ 9. Bd2 b4 10. 0-0 Nbd7 11. Re1 Bc5 12. h3 Qb6 13. Qe2 Bxf3 14. Qxf3 0-0-0 15. a3 bxa3 16. bxa3 Rde8 17. Rab1 Qc7 18. Ba4 Nb8 19. Rb3 Nd5 20. Ne4 Bb6 21. c4 f5 22. Ng5 Ba5 23. Nxe6 Rxe6 24. Rxe6 Bxd2 25. Qxf5 Nb6 26. Rxc6+ 1-0

[Event "Imperia op-A 41st"]
[Site "Imperia"]
[Date "1999.08.31"]
[Round "3.26"]
[White "Cirabisi, Federico"]
[Black "Svacina, Petr"]
[Result "1-0"]
[WhiteElo "2127"]
[BlackElo "1938"]
[PlyCount "71"]
[EventDate "1999.08.29"]
[EventType "swiss"]
[EventRounds "9"]
[EventCountry "ITA"]
[SourceTitle "EXT 2024"]
[Source "ChessBase"]
[SourceDate "2023.10.10"]
[SourceVersion "1"]
[SourceVersionDate "2023.10.10"]
[SourceQuality "1"]

1. e4 e5 2. Nc3 Nf6 3. f4 d5 4. fxe5 Nxe4 5. Nf3 f5 6. d3 Nxc3 7. bxc3 c5 8. Bg5 Be7 9. Bxe7 Qxe7 10. d4 c4 11. Be2 Nc6 12. Rb1 a6 13. h4 g6 14. Qc1 h6 15. Rb6 Kf7 16. Qf4 Kg7 17. Rh3 Qc7 18. Rb1 Rg8 19. Kd2 Nd8 20. Rg3 Kh7 21. Ng5+ hxg5 22. hxg5 Rh8 23. Rh3+ Kg8 24. Rxh8+ Kxh8 25. Rh1+ Kg8 26. Rh6 Qg7 27. Bf3 Be6 28. g4 fxg4 29. Bxg4 Bf7 30. Qf3 Ne6 31. Bxe6 Bxe6 32. Qh1 Rf8 33. Qb1 Rf2+ 34. Ke1 Rf4 35. Qb6 Qf7 36. Qd8+ 1-0